Welcome to WEB OPAC of MRSPTU Central Library

Handbook of natural fibers V-2 : processing and application (Record no. 5827)

MARC details
000 -LEADER
fixed length control field 00460nam a2200169Ia 4500
008 - FIXED-LENGTH DATA ELEMENTS--GENERAL INFORMATION
fixed length control field 230711s9999||||xx |||||||||||||| ||und||
020 ## - INTERNATIONAL STANDARD BOOK NUMBER
International Standard Book Number 978-1-84569-698-6
041 ## - LANGUAGE CODE
Language code of text/sound track or separate title ENG
082 ## - DEWEY DECIMAL CLASSIFICATION NUMBER
Classification number 677.52
Item number KO-N
100 ## - MAIN ENTRY--PERSONAL NAME
Personal name Kozlowski,Ryszard M
245 #0 - TITLE STATEMENT
Title Handbook of natural fibers V-2 : processing and application
250 ## - EDITION STATEMENT
Edition statement 1st Ed.
260 ## - PUBLICATION, DISTRIBUTION, ETC.
Date of publication, distribution, etc. 2012
Place of publication, distribution, etc. Camberidge
Name of publisher, distributor, etc. Woodhead Publishing Ltd
300 ## - PHYSICAL DESCRIPTION
Extent 516p.
650 ## - SUBJECT ADDED ENTRY--TOPICAL TERM
Topical term or geographic name entry element Textile Engineering
942 ## - ADDED ENTRY ELEMENTS (KOHA)
Koha item type Book
Holdings
Withdrawn status Lost status Damaged status Not for loan Collection Home library Current library Date acquired Cost, normal purchase price Serial enumeration / chronology Inventory number Total checkouts Full call number Barcode Date last seen Price effective from Koha item type
          MRSPTU Central Library MRSPTU Central Library   290.00 2 49842486   677.52 KO-N 31361 08/17/2023 08/17/2023 Book
          MRSPTU Central Library MRSPTU Central Library   290.00 2 49842486   677.52 KO-N 31362 08/17/2023 08/17/2023 Book

Website Designed and Developed by MRSPTU Central Library Team

E-mail Id: librarian@mrsptu.ac.in